Escudos de Times de Futebol do Acre - Statistics

Estatísticas Gerais
  • Esse quiz foi jogado 19 vezes
  • A pontuação média é 9 de 12
Estatísticas das Respostas
Imagem Resposta % Correto
Rio Branco
100%
Atlético Acreano
93%
Independência
93%
São Francisco
93%
Vasco
93%
Galvez
86%
Humaitá
86%
Nauás
57%
Plácido de Castro
50%
ADESG
43%
Andirá
43%
Santa Cruz
43%
Nenhum quiz correspondente encontrado
Distribuição das Pontuações
Porcentagem de Pessoas com Cada Pontuação
Percentil de Números Respondidos
Sua Pontuação Histórica
Você não jogou esse quiz